South Dakota School Districts - Statistics

General Stats
  • This quiz has been taken 5 times
  • The average score is 56 of 170
Answer Stats
School District % Correct
Aberdeen
100%
Brookings
100%
Custer
100%
Pierre
100%
Sioux Falls
100%
Spearfish
100%
Watertown
100%
Belle Fourche
75%
Beresford
75%
Canton
75%
Dell Rapids
75%
Harrisburg
75%
Hill City
75%
Hot Springs
75%
Huron
75%
Kimball
75%
Lead-Deadwood
75%
Lennox
75%
Milbank
75%
Mitchell
75%
Plankinton
75%
Redfield
75%
Sioux Valley
75%
Sisseton
75%
Tri-Valley
75%
Wall
75%
Winner
75%
Yankton
75%
Agar-Blunt-Onida
50%
Alcester-Hudson
50%
Andes Central
50%
Arlington
50%
Bon Homme
50%
Brandon Valley
50%
Bridgewater-Emery
50%
Canistota
50%
Castlewood
50%
Chamberlain
50%
Clark
50%
Dakota Valley
50%
De Smet
50%
Deubrook Area
50%
Deuel
50%
Douglas
50%
Elk Point-Jefferson
50%
Ethan
50%
Flandreau
50%
Gregory
50%
Hamlin
50%
Hanson
50%
Highmore-Harrold
50%
Howard
50%
Jones County
50%
Lyman
50%
McCook Central
50%
Menno
50%
Mobridge-Pollock
50%
Montrose
50%
Mount Vernon
50%
Parker
50%
Parkston
50%
Pine Ridge
50%
Platte-Geddes
50%
Rapid City Area
50%
Sanborn Central
50%
Tea Area
50%
Tripp-Delmont
50%
Vermillion
50%
Viborg-Hurley
50%
Warner
50%
Webster
50%
Wessington Springs
50%
White Lake
50%
Wolsey-Wessington
50%
Armour
25%
Avon
25%
Baltic
25%
Bison
25%
Britton-Hecla
25%
Centerville
25%
Chester Area
25%
Colman-Egan
25%
Doland
25%
Eagle Butte
25%
Edgemont
25%
Elkton
25%
Estelline
25%
Freeman
25%
Garretson
25%
Gayville-Volin
25%
Groton Area
25%
Harding County
25%
Herreid
25%
Irene-Wakonda
25%
Iroquois
25%
Lake Preston
25%
Langford
25%
Leola
25%
Marion
25%
McIntosh
25%
Meade
25%
Miller Area
25%
Rosholt
25%
Scotland
25%
Selby Area
25%
Stanley County
25%
Summit
25%
Waubay
25%
West Central
25%
White River
25%
Willow Lake
25%
Wilmot
25%
Woonsocket
25%
American Horse
0%
Bennett County
0%
Big Stone City
0%
Bowdle
0%
Burke
0%
Cheyenne-Eagle Butte
0%
Colome Consolidated
0%
Corsica-Stickney 21-3
0%
Crazy Horse
0%
Crow Creek Reservation High
0%
Crow Creek Sioux Tribal
0%
Dupree
0%
Edmunds Central
0%
Elk Mountain
0%
Enemy Swim Day
0%
Eureka
0%
Faith
0%
Faulkton Area
0%
Flandreau Indian
0%
Florence
0%
Frederick Area
0%
Gettysburg
0%
Haakon
0%
Henry
0%
Hitchcock-Tulare
0%
Hoven
0%
Ipswich Public
0%
Kadoka Area
0%
Lemmon
0%
Little Wound School System
0%
Loneman School Corporation
0%
Lower Brule School System
0%
Madison Central
0%
Marty Indian
0%
McLaughlin
0%
Newell
0%
New Underwood
0%
Northwestern Area
0%
Oelrichs
0%
Oglala Lakota County
0%
Oldham-Ramona
0%
Pierre Indian Learning Center
0%
Porcupine Day
0%
Rock Creek Grant
0%
Rutland
0%
Sitting Bull
0%
Smee
0%
South Central
0%
St. Francis Indian
0%
Takini
0%
Timber Lake
0%
Tiospaye Topa School System
0%
Tiospa Zina Tribal
0%
Todd County
0%
Wagner Community
0%
Waverly
0%
Wounded Knee School System
0%
No matching quizzes found
Score Distribution
Percent of People with Each Score
Percentile by Number Answered
Your Score History
You have not taken this quiz